Top 50 Hip-Hop Songs of All-Time - Statistics

General Stats
  • This quiz has been taken 33 times
  • The average score is 12 of 50
Answer Stats
Artist Answer % Correct
Kendrick Lamar Alright
66%
Kanye West Runaway
56%
Kendrick Lamar Money Trees
53%
Nas N.Y. State of Mind
53%
Kendrick Lamar m.A.A.d city
47%
Outkast Ms. Jackson
47%
Kendrick Lamar Sing About Me, I'm Dying of Thirst
47%
Dr. Dre Still D.R.E.
44%
Madvillain All Caps
41%
Kendrick Lamar Wesley's Theory
41%
Ice Cube It Was a Good Day
38%
Kendrick Lamar King Kunta
38%
Travis Scott 90210
34%
Danny Brown Ain't It Funny
34%
Eminem Stan
34%
Mobb Deep Shook Ones Pt. II
31%
Wu-Tang Clan C.R.E.A.M.
28%
Kanye West Jesus Walks
28%
Kendrick Lamar The Blacker the Berry
28%
Gorillaz Feel Good Inc.
25%
Kendrick Lamar How Much a Dollar Cost
25%
M.I.A. Paper Planes
25%
Kanye West Power
25%
Nas The World Is Yours
22%
Kanye West Through the Wire
22%
Souls of Mischief 93 'Til Infinity
19%
Kanye West All Falls Down
19%
Future Codeine Crazy
19%
Clams Casino I'm God
19%
Lil B I'm God
19%
MF DOOM Rapp Snitch Knishes
19%
Madvillain Accordion
16%
Outkast B.O.B.
13%
MF DOOM Doomsday
13%
Death Grips Hacker
13%
Lil B B.O.R. (Birth of Rap)
9%
JPEGMAFIA Hazard Duty Pay!
9%
Death Grips I've Seen Footage
9%
Nujabes / Shing02 Luv(sic) Part 3
9%
DJ Shadow Midnight in a Perfect World
9%
Geto Boys Mind Playing Tricks on Me
9%
Pete Rock & C.L. Smooth They Reminisce Over You (T.R.O.Y.)
9%
Death Grips Beware
6%
The Avalanches Frontier Psychiatrist
6%
Black Kray Hydr6c0don$
6%
Three 6 Mafia Mask and da Glock
6%
Death Grips On GP
6%
Death Grips Takyon (Death Yon)
6%
RXKNephew American tterroristt
3%
Three 6 Mafia N***** Ain't Barin' Dat
3%
No matching quizzes found
Score Distribution
Percent of People with Each Score
Percentile by Number Answered
Your Score History
You have not taken this quiz